España (Record no. 91927)

MARC details
000 -LEADER
campo de control de longitud fija 00733nam a2200229 i 4500
001 - NÚMERO DE CONTROL
campo de control 91927
003 - IDENTIFICADOR DE NÚMERO DE CONTROL
campo de control ES-MaACL
005 - FECHA Y HORA DE LA ÚLTIMA TRANSACCIÓN
campo de control 20250827063213.0
007 - CAMPO FIJO DE DESCRIPCIÓN FÍSICA--INFORMACIÓN GENERAL
campo de control de longitud fija t|
008 - DATOS DE LONGITUD FIJA--INFORMACIÓN GENERAL
campo de control de longitud fija 050308s1997 sp a |||| | spa d
020 ## - NÚMERO INTERNACIONAL ESTÁNDAR DEL LIBRO
Número Internacional Estándar del Libro 84-7782-475-4
080 ## - NÚMERO DE LA CLASIFICACIÓN DECIMAL UNIVERSAL
Número de la Clasificación Decimal Universal 914.60(084)
100 1# - ENTRADA PRINCIPAL--NOMBRE DE PERSONA
Nombre de persona Regàs, Rosa,
Fechas asociadas al nombre 1933-2024
9 (RLIN) 242068
245 10 - MENCIÓN DEL TÍTULO
Título España
Resto del título : una nueva mirada /
Mención de responsabilidad, etc. texto, Rosa Regàs ; fotografías, Matías Briansó ... [et al.].
260 ## - PUBLICACIÓN, DISTRIBUCIÓN, ETC.
Lugar de publicación, distribución, etc. Barcelona :
Nombre del editor, distribuidor, etc. Lunwerg,
Fecha de publicación, distribución, etc. [1997]
300 ## - DESCRIPCIÓN FÍSICA
Extensión 131 p. :
Otras características físicas principalmente il. col. ;
Dimensiones 31 cm.
546 ## - NOTA DE IDIOMA
Nota de lengua/lenguaje Texto en español e inglés.
651 #4 - PUNTO DE ACCESO ADICIONAL DE MATERIA--NOMBRE GEOGRÁFICO
Nombre geográfico España-
Subdivisión de forma Obras ilustradas.
9 (RLIN) 8388
700 1# - ENTRADA AGREGADA--NOMBRE PERSONAL
Nombre de persona Briansó, Matias.
9 (RLIN) 31674
852 ## - LOCALIZACIÓN
Ubicación ES-MaACL
Número de control de estantería L-28972
Holdings
Estatus retirado Estado de pérdida Estado de daño No para préstamo Biblioteca de origen Biblioteca actual Ubicación en estantería Fecha de adquisición Fuente de adquisición Total de préstamos Signatura topográfica completa Código de barras Visto por última vez Precio de reemplazo Tipo de ítem Koha
        Biblioteca del Ateneo de Madrid Biblioteca del Ateneo de Madrid Depósito 2 17/01/2008     L-28972 1095985 23/02/2023 23/02/2023 Libro impreso